[Event "CRO-ch 6th"]
[Site "Pula"]
[Date "1998.01.17"]
[Round "8"]
[White "Dizdar, Goran"]
[Black "Zelcic, Robert"]
[Result "1-0"]
[WhiteElo "2530"]
[BlackElo "2540"]
[Annotator "Ribli,Z"]
[PlyCount "85"]
[EventDate "1998.01.09"]
[EventType "tourn"]
[EventRounds "13"]
[EventCountry "CRO"]
[EventCategory "9"]
[SourceTitle "CBM 064"]
[Source "ChessBase"]
[SourceDate "1998.06.02"]
[SourceVersion "1"]
[SourceVersionDate "1998.06.02"]
[SourceQuality "1"]

1. Nf3 {Hecht} Nf6 2. c4 e6 3. g3 b6 4. Bg2 Bb7 5. O-O (5. d4 {Nach diesem Zug
wir haben die Grundstellung der Damenindischen Verteidigung. Ribli.}) 5... c5
6. b3 {In letzter Zeit ist die Variante mit 7.Nc3 und 8.Re1 sehr populär.} Be7
7. Bb2 O-O 8. Nc3 d5 9. e3 Nc6 $6 {Diese Variante genießt keinen guten Ruf.} (
9... dxc4 $5) (9... Nbd7) 10. cxd5 Nxd5 (10... exd5 11. d4 Re8 12. Rc1 $14 {
Weiß hat Eröffnungsvorteil. Seine LÄufer stehen gut auf den langen Diagonalen.
Nach 12...cxd4 13.Nxd4 hat Schwarz den isolierten Bauern auf d5, während sonst
immer dxc5 mit schwachen hängenden Bauern c5/d5 droht.}) 11. Nxd5 exd5 (11...
Qxd5 12. d4 Rad8 (12... Nb4 $6 {N} 13. Nh4 $1 Qd7 14. dxc5 Qxd1 15. Rfxd1 Bxg2
16. Kxg2 Bxc5 17. a3 $16 {+/- Nogueiras,J-Arencibia,J/Cuba (ch) 1991 (17)}) 13.
Ne5 Qd6 14. dxc5 (14. Nxc6 Bxc6 15. Qg4 cxd4 (15... g6 16. dxc5 bxc5 17. Rfd1
Qc7 18. Rac1 Bxg2 19. Kxg2 Qb7+ 20. Qf3 $14 {1-0 Dorfman,J-Huzman,A/
Balatonbereny op 1988 (40)}) 16. Bxd4 g6 17. Bxc6 Qxc6 18. Rac1 Qd6 19. Qe4 f5
20. Qc2 Qd7 21. Ba1 Rc8 22. Qe2 Rxc1 23. Rxc1 Rc8 24. Rd1 Qc7 25. Qb2 $16 {
Dorfman,J-Klinger,J/Sarajevo 1988/1-0 (74)}) 14... Qxc5 15. Qe2 Nxe5 16. Bxb7
Bf6 17. Rfd1 Ng4 18. Bxf6 Nxf6 19. Qa6 Ng4 20. h3 Ne5 21. Qxa7 h5 22. Qa4 b5
23. Qa5 Rxd1+ 24. Rxd1 h4 25. gxh4 f5 26. Rd8 {1-0 Botvinnik,M-Keres,P/
Amsterdam 1966 (40)}) 12. d4 $14 Bf6 (12... Rc8 13. dxc5 bxc5 14. Qd3 Qd7 15.
Rfd1 Nb4 16. Qb1 Qe6 17. a3 Na6 18. b4 d4 19. Nxd4 cxd4 20. Bxb7 dxe3 21. Bxc8
exf2+ 22. Kxf2 Rxc8 23. Qd3 $18 {Chabanon,J-Touzane,O/Tournoi GMI, Montpellier
1996/1-0 (53)}) (12... Ba6) (12... Re8) (12... cxd4 13. Nxd4 Nxd4 14. Bxd4 $14
{Der isolierte Damenbauer auf d5 stellt hier einen kleinen, aber dauerhaften,
Nachteil für Schwarz dar.} (14. Qxd4 {[%csl Rd5][%cal Rb2g7]} Bf6 15. Qd2 $14))
13. Qd2 a5 $6 $146 (13... Rc8 14. Rfd1 Ne7 15. Rac1 c4 16. Ne5 cxb3 17. axb3
Qd6 18. Bh3 Rxc1 19. Rxc1 Bc8 20. Bxc8 Rxc8 21. Rxc8+ Nxc8 22. Qc1 Qe6 23. Qc7
h5 24. Nd7 Nd6 25. Qxa7 $16 {Dizdar,G-Campora,D/Tuzla 1983/1-0 (74)}) (13...
Qe7 14. Rfd1 Rfd8 (14... Rad8 15. Rac1 a5 16. dxc5 Bxb2 17. Qxb2 bxc5 18. Qc3
c4 19. bxc4 Nb4 20. Qa1 dxc4 21. Rxd8 Rxd8 22. a3 Nd5 23. Nd4 $14 {1-0 Brodsky,
I-Trommsdorf,F/Cannes Martinez op 1992 (28)}) 15. Rac1 Nb4 16. dxc5 Bxb2 17.
Qxb2 bxc5 18. Qe5 Qxe5 19. Nxe5 Rac8 20. a3 Na6 21. Rd2 Rb8 22. Bf1 f6 23. Bxa6
fxe5 24. Bxb7 Rxb7 25. Rxc5 Rxb3 26. Rdxd5 Rxd5 27. Rxd5 Rxa3 28. Rxe5 $18 {
1-0 Kengis,E-Levin,F/Groningen op 1991 (45)}) (13... c4 $6 14. bxc4 dxc4 15. e4
$16 {[%csl Gd4,Ge4] Mit großem weißen Zentrumübergewicht.}) 14. dxc5 Bxb2 (
14... bxc5 $2 15. Bxf6 Qxf6 (15... gxf6 $16) 16. Qxd5 $16) 15. Qxb2 bxc5 16.
Rfd1 {[%csl Rc5,Rd5][%cal Gd1d8]} a4 {In schwieriger Stellung opfert Schwarz
einen Bauern.} (16... Qb6 17. Rxd5 $16 Nd4 18. Nxd4 (18. Rg5 $2 Bxf3 19. exd4
Bxg2 20. Kxg2 cxd4 $11) 18... Bxd5 (18... cxd4 19. Qxd4 $18) 19. Nf5 $18 {
[%csl Gb2,Gf5,Gg7,Rg8][%cal Rb2g7]}) 17. bxa4 {[%cal Rb2b7]} (17. Nh4 Ne7)
17... Ra7 {Schwarz verteidigt den Läufer b7 und möchte Gegenspiel in der
a-Linie organisieren.} 18. Rac1 {[%csl Rc5,Rd5][%cal Gc1c5]} Qa8 (18... c4 {
[%csl Yd4]} 19. e4 $1 (19. Nd4 Nxd4 20. Qxd4 Rxa4 21. Bxd5 Bxd5 22. Qxd5 Qxd5
23. Rxd5 Rxa2 24. Rxc4 $14 {Schwarz hat Remischancen. Die Anwesenheit von vier
Türmen erhöht die weißen Gewinnchancen, aber mit zwei Türmen auf dem Brett
wäre es ein theoretisches Remisendspiel.}) (19. Rxc4 dxc4 20. Rxd8 Rxd8 $132)
19... Ne7 20. Ne5 {[%cal Re5c4,Gd1d8]} Qa8 (20... Qa5 21. exd5 Bxd5 22. Nxc4
$16) 21. Nd7 Rd8 22. Nb6 $16) 19. Rxc5 Rxa4 20. Qb1 $1 h6 (20... Rxa2 21. Ng5 {
[%cal Rb1h7]} g6 22. Bxd5 $16 {[%csl Gd5,Rg8][%cal Rd5a2]}) 21. Rd2 $16 {
Weiß hat nicht nur Mehrbauern, sondern auch Spiel gegen den schwachen Bauern
d5.} Na5 22. Rb5 Bc6 (22... Nc4 23. Rxb7 Nxd2 24. Nxd2 Rxa2 25. Nf1 $18 (25.
Nb3 Qxb7 26. Qxa2 $18)) 23. Rb4 Rxb4 (23... Nc4 $5 24. Rxa4 Qxa4 25. Rd4 $16)
24. Qxb4 d4 {In schwieriger Stellung fischt Schwarz im Trüben.} 25. Rxd4 Rb8 (
25... Bxf3 26. Bxf3 Qxf3 27. Qxa5 Rc8 28. Rd8+ Rxd8 29. Qxd8+ $18) 26. Qd2 Rb1+
(26... Bxf3 27. Bxf3 Qxf3 (27... Rb1+ 28. Kg2 $18) 28. Rd8+ (28. Qxa5 $2 Rb1+
$19) 28... Rxd8 29. Qxd8+ Kh7 30. Qxa5 $18) 27. Ne1 (27. Bf1 $16 {[%cal Rd4d8,
Rd8a8,Rd8h8]} Qa6 28. Rd8+ Kh7 29. Qc2+ $18 {[%cal Rc2b1,Rc2h7]}) 27... Rxe1+ (
27... Bxg2 28. Rd8+ $18 {[%cal Rd8g8,Rd8a8]}) 28. Qxe1 Bxg2 29. Ra4 {[%csl Ra5]
[%cal Ra4a5,Re1a5]} Bf3 (29... Bh3 {[%cal Ra8g2] Es ist leicht, sich gegen das
schwarze Spiel auf den weißen Feldern zu verteidigen. So verwertet Weiß den
Materialvorteil.} 30. e4 $18) (29... Bh1 {[%cal Ra8g2]} 30. e4 $18) 30. Rxa5 (
30. Qxa5 {Hecht} Qc6 31. Qd8+ Kh7 32. Qd3+ g6 33. Rc4 Qf6 34. Qd4 Qa6 35. e4
Qxa2 36. Rc1 $18 {[%cal Yc1e1]}) 30... Qc8 {[%cal Rc8h3] Gegenchancen hat
Schwarz nur im Spiel gegen den weißen König.} 31. e4 Qh3 32. Qf1 Qg4 (32...
Qxf1+ 33. Kxf1 Bxe4 34. a4 $18 {und der weiße Freibauer entscheidet die Partie,
wenngleich die Stellung sogar ohne den weißen Bauern a4 gewonnen wäre.}) 33.
Ra8+ Kh7 34. Ra3 Bxe4 (34... Qxe4 35. Qd3 $18 {[%cal Gd3h7]}) 35. Re3 (35. f3 {
Hecht} Qc8 {[%csl Ra3][%cal Rc8c5]}) 35... f5 36. Qe2 (36. f3 Qg5 37. Qe2 $18)
36... Qg6 37. f3 Bd5 38. Re5 {[%csl Ge5]} Bb7 39. Re7 Bd5 40. Re5 {Mit der
Mehrqualität und dem a-Freibauern steht Weiß auf Gewinn. Er wiederholt die
Züge nur, um die Zeitkontrolle zu erreichen.} Qb6+ 41. Kg2 Qd4 42. Rxf5 $18 Bc4
43. Rf4 {[%cal Rf4c4] Und Schwarz gab in hoffnungsloser Stellung auf. Ribli.} (
43. Rf4 Qxf4 (43... Bxe2 44. Rxd4 $18) 44. Qc2+ $18 {[%cal Rc2h7,Rg3f4]}) 1-0

[Event "Oslo"]
[Site "Oslo"]
[Date "1992.??.??"]
[Round "1"]
[White "Greenfeld, Alon"]
[Black "Gronn, Atle"]
[Result "1/2-1/2"]
[WhiteElo "2520"]
[BlackElo "2310"]
[Annotator "Ribli,Z"]
[PlyCount "79"]
[EventDate "1992.04.??"]
[EventType "tourn"]
[EventRounds "9"]
[EventCountry "NOR"]
[EventCategory "9"]
[SourceTitle "CBM 030"]
[Source "ChessBase"]
[SourceDate "1992.10.01"]
[SourceVersion "1"]
[SourceVersionDate "1992.10.01"]
[SourceQuality "1"]

1. Nf3 {Gronn,A} e6 2. c4 d5 3. g3 Nf6 4. b3 Be7 5. Bg2 O-O 6. O-O c5 7. Bb2
Nc6 8. e3 d4 9. exd4 cxd4 10. Re1 Re8 11. Na3 (11. a3 a5 12. d3 Bf8 (12... Bc5
13. Nbd2 e5 14. Ng5 Bg4 15. Bf3 Bd7 16. Bc1 h6 17. Nge4 Nxe4 18. Bxe4 $13 {
Ftacnik,L-Van Riemsdijk,H Manila izt 1990 CBM/19}) 13. Ne5 Nxe5 14. Rxe5 Nd7
15. Rb5 e5 16. Nd2 Rb8 17. b4 $1 $14 {Miles-Muir Ostende 1990 50/7}) 11... Bf8
12. Nc2 e5 13. d3 Qc7 14. a3 a5 15. Qd2 Rb8 16. Rac1 Qb6 (16... b5 17. cxb5
Rxb5 18. Ncxd4 exd4 19. Rxe8 Nxe8 20. Nxd4 $18) (16... Bd7 {Gronn,A} 17. b4 b5
$13) 17. b4 $1 axb4 18. axb4 Bxb4 (18... Nxb4 19. Nxe5 Nxc2 20. Qxc2 $14) 19.
Nxb4 Qxb4 20. Rxe5 $1 (20. Qxb4 {Gronn,A} Nxb4 21. Nxe5 Rxe5 $1 $15) 20... Qxd2
(20... Rxe5 21. Qxb4 Nxb4 22. Nxe5 $14) 21. Rxe8+ Nxe8 22. Nxd2 Bf5 23. Ne4 Nf6
$5 24. Nc5 (24. Nxf6+ gxf6 25. Bxc6 bxc6 26. Bxd4 Bxd3 27. Bxf6 Rb1 $10) 24...
b6 (24... Nd7 {Gronn,A} 25. Nxd7 Bxd7 26. Be4 {og sort stÅr dÅrlig.}) 25. Na6 (
25. Na4 $1 {Gronn,A} Nb4 26. Bxd4 Nxd3 $14) 25... Rc8 26. Bxc6 Rxc6 27. Bxd4
Nd7 (27... Bxd3 $2 28. Nb4 Rxc4 (28... Rd6 29. Bxf6 gxf6 30. Rd1 $18) 29. Nxd3
Rxd4 30. Rc8+ $18) 28. Re1 (28. Be3 $5 Ne5 29. Nb4 Re6 30. Rc3 $14) 28... f6 (
28... Bxd3 $2 {Gronn,A} 29. Nb8 $1 $18) 29. Bb2 Bxd3 30. Nb4 Rd6 31. Rd1 Nc5
$10 32. f3 Rd7 33. Nxd3 Rxd3 34. Rxd3 Nxd3 35. Bd4 Kf7 36. f4 (36. Bxb6 Ne5 $10
) 36... Nc5 37. Kf2 Ke6 38. g4 g6 39. h3 f5 40. Kf3 1/2-1/2

[Event "YUG-ch"]
[Site "Kladovo"]
[Date "1990.??.??"]
[Round "?"]
[White "Damljanovic, Branko"]
[Black "Laketic, Gojko"]
[Result "1/2-1/2"]
[WhiteElo "2535"]
[BlackElo "2425"]
[Annotator "Ribli,Z"]
[PlyCount "112"]
[EventDate "1990.02.??"]
[EventType "tourn"]
[EventRounds "15"]
[EventCountry "YUG"]
[EventCategory "9"]
[SourceTitle "CBM 017"]
[Source "ChessBase"]
[SourceDate "1990.08.01"]
[SourceVersion "1"]
[SourceVersionDate "1990.08.01"]
[SourceQuality "1"]

1. Nf3 e6 2. g3 d5 3. Bg2 Nf6 4. O-O Be7 5. c4 O-O 6. b3 b6 7. Bb2 Bb7 8. e3
Nbd7 9. Qe2 {9.d3, dxc4 10.bxc4, Nc5! = Spraggett,K-Yusupov,A Quebec cq 1989
CBM/11 9.Nc3!? Kasparov} dxc4 10. bxc4 Nc5 11. d4 Na4 12. Nc3 Qe8 {12...Nxb2!?
13.Qxb2,c5} 13. Rad1 Nxc3 14. Bxc3 Qa4 15. Ne5 Bxg2 16. Kxg2 Bd6 17. Nf3 Ne4
18. Ba1 c6 19. Rc1 Rad8 20. Rfd1 Be7 {20...Rfe8} 21. Ne5 Bd6 22. Nd3 f5 23. Rc2
b5 24. c5 Bc7 25. Rb1 Qa6 26. f3 Nf6 27. e4 {+/=} Qc8 28. Re1 Rfe8 29. Bc3 a5
30. a3 Qd7 31. Rd2 Qc8 32. Rdd1 Re7 33. Qa2 fxe4 34. fxe4 Kh8 35. Qe2 Red7 36.
Rf1 Rf8 37. Rde1 {37.Rf2 /\ Rdf1 +/=} Rdf7 38. Rf2 Kg8 39. Ref1 Qe8 40. Qe1 e5
$1 41. dxe5 Nd7 42. Rxf7 Rxf7 43. Rxf7 Qxf7 44. Bxa5 Nxe5 45. Nf4 g5 46. Bxc7
Qxc7 47. Ne2 Qe7 48. Nd4 Qxc5 49. Qd2 Nc4 50. Qd3 Qd6 51. Qc3 Qe5 52. Qd3 Qd6
53. Qc3 Qe5 54. Qd3 Nb2 55. Qb3+ Nc4 56. Qd3 Qd6 1/2-1/2

[Event "YUG-ch"]
[Site "Novi Sad"]
[Date "1995.??.??"]
[Round "?"]
[White "Vukic, Milan"]
[Black "Abramovic, Bosko"]
[Result "1/2-1/2"]
[WhiteElo "2450"]
[BlackElo "2480"]
[Annotator "Ribli,Z"]
[PlyCount "98"]
[EventDate "1995.02.??"]
[EventType "tourn"]
[EventRounds "17"]
[EventCountry "YUG"]
[EventCategory "10"]
[SourceTitle "CBM 049"]
[Source "ChessBase"]
[SourceDate "1995.12.01"]
[SourceVersion "1"]
[SourceVersionDate "1995.12.01"]
[SourceQuality "1"]

1. Nf3 Nf6 2. g3 b6 3. Bg2 Bb7 4. O-O e6 5. c4 Be7 6. b3 O-O 7. Bb2 d5 8. cxd5
Nxd5 9. d4 (9. Nc3 c5 10. d4 Nd7 11. Nxd5 Bxd5 12. Rc1 Rc8 13. dxc5 Nxc5 $10 {
Shvedchikov,A-Gipslis,A/Moscow Alekhine op/1992/CBM33/}) 9... Nf6 (9... c5 $6
10. e4 Nf6 11. e5 Nd5 12. dxc5 Bxc5 13. Nbd2 Nc6 14. a3 Rc8 15. Qe2 Be7 16.
Rfd1 Qd7 17. Ne4 $36 {Beim,V-Kagan,S/Tel Aviv/1992/CBM30/}) (9... Nd7 $5 10.
Nbd2 c5 11. a3 Rc8 12. dxc5 $10 {Remis! Speelman,J-Ribli,Z/Altensteig/1994/
CBM43/}) 10. Qc2 Nbd7 11. Nc3 c5 12. e4 cxd4 13. Nxd4 Rc8 14. Rfd1 Qc7 15. Rac1
Qb8 16. Qe2 Rfd8 (16... Qa8 17. Ndb5 $14) 17. e5 $1 {Weiss verbessert seine
Stellung thematisch durch Raumgewinn.} Ne8 18. f4 a6 19. Bxb7 Qxb7 20. Qg2
Qxg2+ 21. Kxg2 b5 22. Kf3 Nb8 $1 {Schwarz soll den c6-Punkt kontrollieren.} 23.
Ne4 h6 24. a4 {Weiss steht besser, aber wie geht'es weiter? Wo soll er
spielen? In Frage kommt hier auch 24.g4 /\ f5.} bxa4 25. bxa4 Bb4 26. Ke2 Kf8
27. Rxc8 Rxc8 28. Rc1 Rxc1 29. Bxc1 Nc7 30. Kd3 Ke8 31. Kc4 Nd5 32. Nc2 Be7 $1
$8 33. a5 Nc6 34. Bd2 Kd7 35. Na1 {Droht /\ Nb3,Nc5.} f5 36. Nc5+ {Weiss
sollte den Koenigsfluegel auch oeffnen lassen.} (36. exf6 $5 Nxf6 37. Nxf6+
gxf6 38. Nb3 Nd8 39. Nc5+ Bxc5 40. Kxc5 Kc7 41. f5 $1 $14) 36... Bxc5 37. Kxc5
g5 $1 38. Nb3 (38. fxg5 hxg5 39. Bxg5 Nxe5 $13) 38... gxf4 39. gxf4 Nce7 $1 40.
Nd4 h5 41. Kc4 h4 42. Nb3 Kc6 43. Nd4+ Kd7 44. Kc5 h3 45. Kc4 Ng6 46. Ne2 (46.
Nxf5 Ngxf4 $13) 46... Kc6 47. Bc1 Kc7 48. Kc5 Kd7 49. Bd2 Kc7 {Ribli} 1/2-1/2

[Event "Linares 10th"]
[Site "Linares"]
[Date "1992.??.??"]
[Round "11"]
[White "Ljubojevic, Ljubomir"]
[Black "Beliavsky, Alexander G"]
[Result "1-0"]
[WhiteElo "2610"]
[BlackElo "2620"]
[Annotator "Ribli,Z"]
[PlyCount "81"]
[EventDate "1992.02.??"]
[EventType "tourn"]
[EventRounds "13"]
[EventCountry "ESP"]
[EventCategory "17"]
[SourceTitle "CBM 028"]
[Source "ChessBase"]
[SourceDate "1992.06.01"]
[SourceVersion "1"]
[SourceVersionDate "1992.06.01"]
[SourceQuality "1"]

1. c4 {Hansen,Cu} Nf6 2. Nf3 e6 3. g3 d5 4. Bg2 Be7 5. O-O O-O 6. b3 b6 7. Bb2
Bb7 8. e3 Nbd7 9. Nc3 (9. d4 $6 dxc4 10. bxc4 c5 11. Nbd2 Qc7 $10 {Hodgson,
Ju-Cooper,J BCF-ch 1989 CBM/15}) 9... Ne4 (9... c5 10. Qe2 a6 $5 (10... Qc7 11.
Rac1 Rad8 12. cxd5 Nxd5 13. Nxd5 Bxd5 14. e4 Bb7 15. d4 Qb8 16. Rcd1 Rfe8 17.
a3 a5 18. Rfe1 $14 {Maus,So-Bischoff,K Hamburg SKA 1991 CBM/24}) (10... Ne4 11.
Rfd1 Nxc3 12. Bxc3 Bf6 13. cxd5 Bxd5 14. d4 cxd4 15. Nxd4 Bxg2 16. Kxg2 Rc8 17.
Rac1 Bxd4 18. Bxd4 Qe7 19. Qa6 $14 {Dizdar,G-Naumkin,I Voskresenk 1990 CBM/19})
11. d3 $6 (11. Rfd1 $5 Ra7 12. cxd5 Nxd5 13. Nxd5 Bxd5 14. e4 Bb7 15. d4 $14)
11... Ra7 12. Ne1 Ba8 13. f4 d4 $1 $13 {Pigott,J-Howell,J BCF-ch 1989 CBM/15})
10. cxd5 $5 (10. Ne2 a5 (10... Bf6 11. d4 c5 12. cxd5 exd5 13. Rc1 Re8 14. Nf4
g6 15. Qe2 Nf8 16. Bh3 $14 {Jelen,Iz-Zlatilov,I Ptuj 1991 EXP/24}) (10... c5 {
Hansen,Cu} 11. d3 Bf6 12. Qc2 Bxb2 13. Qxb2 Nef6 $10 {Gsheidlen-Boesken BL 8788
}) 11. d3 Bf6 12. Qc2 Bxb2 13. Qxb2 Nd6 $13 {Kasparov,G-Karpov,An Sevilla m/24
1987 CBM/04 44/11} (13... Nd6 {Hansen,Cu} 14. cxd5 Bxd5 15. d4 $14 {
Kasparov-Karpov m(24) Sevilla 1987})) 10... Nxc3 11. Bxc3 Bxd5 12. Qe2 c5 (
12... Nf6 {Hansen,Cu} 13. Rfd1 Qc8 14. Rac1 a5 15. d3 $14 {Geller-Kholmov
Moskva 1969}) 13. Rfd1 Qc7 14. Rac1 Qb7 15. d3 $5 Rfd8 16. e4 Bc6 17. Qb2 Bf8 (
17... Bf6 $5) 18. h4 b5 (18... a5 $5 19. a4 b5 20. axb5 Qxb5 21. Nd2 a4 22.
bxa4 Qxb2 23. Bxb2 Rxa4 24. Nc4 Rda8 $14) (18... a5 $5 {Hansen,Cu}) 19. Ba5 $1
Rdc8 20. a3 Qa6 (20... b4 21. axb4 cxb4 22. Nd4 $16) 21. b4 Bb7 22. Ne5 $1 Nb8
(22... Nxe5 {Hansen,Cu} 23. Qxe5 Rc6 $14 (23... Qd6 $2 24. Qxd6 Bxd6 25. e5 $16
)) 23. d4 $1 $16 c4 24. d5 exd5 25. exd5 Qd6 26. Qd4 g6 27. Re1 Nd7 (27... Bg7
28. Qf4 $16) 28. Nxf7 $1 Qf6 (28... Kxf7 29. Re6 Qb8 30. Rce1 $18 (30. h5 $18)
(30. Bh3 $36 {Hansen,Cu})) 29. Ne5 Nxe5 30. Qxe5 Qxe5 31. Rxe5 Re8 32. Rxe8
Rxe8 33. d6 $1 Bxg2 34. d7 Bc6 35. dxe8=Q Bxe8 36. Bc7 a5 37. Bxa5 Bg7 38. Bb6
Bb2 39. Rc2 Bxa3 (39... c3 40. Bd4 $18) 40. Bc5 Bc6 41. f3 1-0

[Event "Olympiad-31"]
[Site "Moscow"]
[Date "1994.12.12"]
[Round "11.4"]
[White "Zaichik, Gennadi"]
[Black "Tiviakov, Sergei"]
[Result "1/2-1/2"]
[WhiteElo "2530"]
[BlackElo "2640"]
[Annotator "Ribli,Z"]
[PlyCount "85"]
[EventDate "1994.12.01"]
[EventType "team-swiss"]
[EventRounds "14"]
[EventCountry "RUS"]
[SourceTitle "CBM 045"]
[Source "ChessBase"]
[SourceDate "1995.04.01"]
[SourceVersion "1"]
[SourceVersionDate "1995.04.01"]
[SourceQuality "1"]
[WhiteTeam "Georgia"]
[BlackTeam "Russia"]
[WhiteTeamCountry "GEO"]
[BlackTeamCountry "RUS"]

1. Nf3 Nf6 2. c4 b6 3. g3 e6 4. Bg2 Bb7 5. O-O Be7 6. b3 O-O 7. Bb2 c5 8. Nc3
d5 9. e3 dxc4 10. bxc4 Nc6 11. d3 Qc7 12. Qe2 a6 (12... Rfd8 $5) 13. Rab1 (13.
Ne1 $5 Na7 (13... Nb4 $5) (13... Rfd8 $5) 14. g4 Bxg2 15. Nxg2 Rfd8 (15... Nc6
$5) 16. g5 Ne8 17. f4 Bf8 18. f5 $1 Nd6 19. fxe6 fxe6 20. Nf4 $16 {Gutman,
L-Migl,D/GER-CupT/1992/CBM29/}) 13... Rab8 14. Ba1 Rfd8 15. Rfd1 Ba8 $5 (15...
Na7 $6 16. d4 $1 cxd4 17. exd4 b5 18. d5 exd5 19. Nxd5 Nxd5 20. cxd5 Rxd5 21.
Re1 $44 {Kortchnoi,V-Georgiev,Kir/Lugano/1986/CBM01/INF41,12/}) 16. Ne1 (16. a3
$10 {Kholmov,R-Tal,M/Suhumi/1972/INF14,74/}) 16... Ne8 17. f4 Nd6 18. a4 (18.
g4 b5 $13) 18... Nb4 19. Bxa8 Rxa8 20. e4 Ne8 21. Rd2 (21. Nf3 Bf6 22. e5 Be7
23. g4 Rd7 $132) 21... Qc6 22. Nf3 Bf6 23. e5 Be7 24. g4 Ra7 25. f5 Rad7 26.
Rbd1 Bf8 27. Bb2 (27. f6 $5) 27... Nc7 28. f6 b5 $1 29. axb5 axb5 30. fxg7 Bxg7
31. Ne4 bxc4 32. dxc4 Rxd2 33. Rxd2 Rxd2 34. Nfxd2 Qa4 35. Nf3 Qa2 36. Kf1 Qb1+
37. Ne1 Nca6 38. Nc3 $1 Qg6 39. Ne4 h5 40. gxh5 Qf5+ 41. Qf3 Nc6 $1 42. Nf2 (
42. Ng3 Qxf3+ 43. Nxf3 Na5 44. Nd2 Nc6 45. Nf3 $10) 42... Nab8 43. Qxf5 {Ribli}
1/2-1/2

[Event "Nettetal"]
[Site "Nettetal"]
[Date "1992.02.07"]
[Round "2"]
[White "Winants, Luc"]
[Black "Van der Sterren, Paul"]
[Result "0-1"]
[WhiteElo "2515"]
[BlackElo "2535"]
[Annotator "Ribli,Z"]
[PlyCount "68"]
[EventDate "1992.02.06"]
[EventType "tourn"]
[EventRounds "11"]
[EventCountry "GER"]
[EventCategory "9"]
[SourceTitle "CBM 028"]
[Source "ChessBase"]
[SourceDate "1992.06.01"]
[SourceVersion "1"]
[SourceVersionDate "1992.06.01"]
[SourceQuality "1"]

1. c4 e6 2. Nf3 d5 3. b3 Nf6 4. g3 Be7 5. Bg2 O-O 6. O-O b6 7. Bb2 Bb7 8. e3
Nbd7 9. d3 $6 (9. Nc3 $5) 9... c5 $5 (9... dxc4 10. bxc4 Nc5 11. Ne5 $5 (11. d4
Nce4 12. a4 c5 13. Na3 Rc8 $10 {Spraggett,K-Yusupov,A Quebec cq (9) 1989 CBM/
11 47/14}) 11... Bxg2 12. Kxg2 Bd6 13. f4 Qe8 14. Nc3 h6 15. Qe2 Na4 16. Nxa4
Qxa4 17. e4 Bxe5 18. fxe5 Nd7 19. d4 Rae8 20. Rf3 $14 {Winants-Campos Moreno
Barcelona 1991  53/(18)}) 10. Qe2 Qc7 11. Nc3 Rad8 (11... Rac8 12. Rad1 a6 13.
Rfe1 Rfe8 14. h3 Bc6 15. e4 d4 16. Nb1 e5 $13 {Barbero,G-Lendwai,Re Graz 1991
EXP/22}) 12. Rac1 (12. Rfd1 Qb8 13. Rac1 Qa8 14. Ne1 Rfe8 15. e4 Qb8 $1 16. f4
d4 17. Nb1 e5 18. f5 g6 19. g4 gxf5 20. gxf5 Bf8 21. Rc2 Bh6 22. Bc1 Bxc1 23.
Rcxc1 Kf8 $1 24. Bf3 Ke7 $1 $17 {Hickl,J-Bischoff,K Munich 1990  CBM/18}) 12...
Qb8 13. a3 Rfe8 14. Rfd1 e5 (14... Bf8 $5) 15. e4 (15. cxd5 Nxd5 16. Nxd5 Bxd5
17. Nd2 $10) 15... d4 16. Nd5 Nxd5 17. cxd5 b5 $1 18. Ra1 Nb6 19. a4 bxa4 20.
bxa4 a5 21. Bc1 (21. Rdb1 $5) 21... c4 $1 (21... Ba6 22. Bd2 c4 23. Bxa5 cxd3
24. Qe1 $13) 22. dxc4 Ba6 23. Nxe5 $6 (23. Nd2 Bb4 $15) 23... Qxe5 24. Bf4 Qf6
25. e5 Bc5 (25... Qf5 $5) 26. Qe1 Qf5 27. Qxa5 Qc8 28. Bh3 Qxh3 29. Qxa6 Nd7
30. Re1 d3 $1 31. Qa5 Rb8 $1 32. e6 Nf6 33. g4 Bxf2+ $1 34. Kxf2 Rb2+ 0-1

[Event "ARG-ch"]
[Site "Argentina"]
[Date "1995.??.??"]
[Round "7"]
[White "Spangenberg, Hugo"]
[Black "Hoffman, Alejandro"]
[Result "1-0"]
[WhiteElo "2490"]
[BlackElo "2495"]
[Annotator "Ribli,Z"]
[PlyCount "79"]
[EventDate "1995.??.??"]
[EventType "tourn"]
[EventRounds "15"]
[EventCountry "ARG"]
[EventCategory "9"]
[SourceTitle "CBM 049"]
[Source "ChessBase"]
[SourceDate "1995.12.01"]
[SourceVersion "1"]
[SourceVersionDate "1995.12.01"]
[SourceQuality "1"]

1. c4 e6 2. Nf3 Nf6 3. g3 d5 4. Bg2 Be7 (4... dxc4 $5) 5. O-O O-O 6. b3 b6 7.
Bb2 Bb7 8. e3 Nbd7 9. Qe2 dxc4 (9... a5 10. Nc3 Ne4 11. Rfd1 $14 {Brodsky,
M-Winants,L/Wijk op/1995/CBM46/INF62,08/}) (9... c5 $5) 10. bxc4 Nc5 11. Ba3
Ncd7 12. Bb2 Nc5 13. d4 {Natuerlich will Weiss kaempfen.} Nce4 (13... Na4 14.
Nc3 Qe8 15. Rad1 Nxc3 16. Bxc3 Qa4 17. Ne5 Bxg2 18. Kxg2 Bd6 19. Nf3 Ne4 20.
Ba1 c6 21. Rc1 Rad8 22. Rfd1 Be7 23. Ne5 Bd6 24. Nd3 f5 25. f3 Nf6 26. Rc2 $14
{Damljanovic,B-Laketic,G/JUG-ch/1990/CBM17/}) 14. Rd1 (14. Ne5 $5 {Damljanovic,
B-Razuvaev,Y/Jugoslavija/1991/INF53,18/}) 14... Qc8 $6 (14... Ng4 $5 {
Damljanovic} 15. Rf1 $5 (15. h3 $6 Ngxf2 16. Rf1 Nxh3+ $1 17. Bxh3 Nxg3 18. Qg2
Nxf1 19. Qxf1 Bf6 $17) 15... Ngf6) (14... c6 $2 15. Nfd2 Nxd2 16. Nxd2 Qc7 17.
e4 Nd7 18. f4 Rfd8 19. Rac1 Nf8 20. Nf1 $1 Rd7 21. Ne3 $16 {Landenbergue,
C-Trepp,M/SWZ-ch/1988/CBM10/}) 15. Ne5 Re8 16. Qc2 (16. f3 Nd6 17. c5 bxc5 18.
dxc5 Ba6 19. Qf2 Nb7 20. c6 Nc5 $13) 16... c5 17. d5 $1 exd5 18. cxd5 Nd6 (
18... Bxd5 $2 19. Rxd5 Nxd5 20. Bxe4 $18) 19. Na3 {Jetzt bleibt die Diagonale
fuer den b2-Laeufer frei, aber dafuer steht der Springer auf a3 nicht
besonders gut. In Frage kommt 19.Nc3 auch.} b5 20. Nc6 Bxc6 (20... Nxd5 $2 21.
Nxe7+ Nxe7 22. Rxd6 $18) (20... c4 21. Nxe7+ Rxe7 22. Bxf6 gxf6 23. Qb2 $16)
21. dxc6 Rb8 22. Bxf6 gxf6 (22... Bxf6 23. Rxd6 $5 Bxa1 24. Qxc5 $44 {Weiss
hat mehr als genuegend Kompensation fuer die geopferte Qualitaet.}) 23. Rd5 c4
24. Rad1 {Weiss hat einen gefaehrlichen c-Bauer und beherrscht die d-Linie.
Die schwarze Koenigstellung sieht auch schlecht aus. Der Anziehende steht
eindeutig bessser} Qe6 25. Qd2 b4 (25... c3 26. Qd3 $1 b4 27. Nc2 $18) 26. Nc2
Nb5 $5 {Schwarz hofft auf Gegenspiel zukommen.} (26... b3 27. Nd4 $18) 27. Nxb4
$1 Nc7 (27... c3 28. Qd3 Bxb4 29. Rxb5 c2 30. Rc1 $18) 28. Nc2 Nxd5 29. Bxd5
Qg4 (29... Qd6 30. Qd4 $16) 30. Nd4 {Weiss hat einen starken c-Bauer und sehr
positierte Leichtfiguren, und die schwarze Konigstellung ist sehr verwundbar.
Tigran Petrosian traumte immer ueber eine solche Position.} c3 31. Qd3 Bc5 32.
Nf5 $1 Kf8 {Was sonst?} 33. Rc1 Bb4 34. a3 $1 {Typisch.} Bxa3 (34... Ba5 35.
Nd6 $18) 35. Rxc3 $18 Bb4 36. Rc4 Qg6 37. c7 Rbc8 38. Rxb4 Rxc7 39. Qa3 Kg8 40.
Rg4 $1 {Weiss spielte sehr energisch und ausgezeichnet.} 1-0